书目信息 |
| 题名: |
太阳能光伏发电及应用技术
|
|
| 作者: | 赵书安 主编 | |
| 分册: | ||
| 出版信息: | 南京 东南大学出版社 2015 |
|
| 页数: | 189页 | |
| 开本: | 26cm | |
| 丛书名: | 高等职业教育技能型人才培养规划教材 | |
| 单 册: | ||
| 中图分类: | TM615 | |
| 科图分类: | ||
| 主题词: | 太阳能发电--高等职业教育--教材 | |
| 电子资源: | ||
| ISBN: | 978-7-5641-2711-4 | |
| 000 | 01141nam 2200253 450 | |
| 001 | 2348899514 | |
| 005 | 20231207133509.79 | |
| 010 | @a978-7-5641-2711-4@dCNY32.00 | |
| 100 | @a20220507d2015 em y0chiy50 ea | |
| 101 | 0 | @achi |
| 102 | @aCN@b320000 | |
| 105 | @aak a 000yy | |
| 200 | 1 | @a太阳能光伏发电及应用技术@Atai yang neng guang fu fa dian ji ying yong ji shu@f赵书安主编 |
| 210 | @a南京@c东南大学出版社@d2015 | |
| 215 | @a189页@c图@d26cm | |
| 225 | 2 | @a高等职业教育技能型人才培养规划教材@Agao deng zhi ye jiao yu ji neng xing ren cai pei yang gui hua jiao cai |
| 320 | @a有书目 (第189页) | |
| 330 | @a本书是依据太阳能光伏系统的组成和应用, 循序渐进, 由浅入深, 项目化地编写教学内容, 理论和实训实践有机结合, 使得所写内容流畅、实用且贴近企业生产实际; 教材紧紧围绕太阳能光伏技术应用能力和基本素质培养这条主线, 突出对太阳能光伏产业的基本技术和基本技能的培养, 注重职业能力和技术应用及管理能力的强化。 | |
| 410 | 0 | @12001 @a高等职业教育技能型人才培养规划教材 |
| 606 | 0 | @a太阳能发电@x高等职业教育@j教材 |
| 690 | @aTM615@v5 | |
| 701 | 0 | @a赵书安@Azhao shu an@4主编 |
| 801 | 0 | @aCN@b湖北三新@c20220507 |
| 905 | @aZUCC@dTM615@e11 | |
| 太阳能光伏发电及应用技术/赵书安主编.-南京:东南大学出版社,2015 |
| 189页:图;26cm.-(高等职业教育技能型人才培养规划教材) |
| ISBN 978-7-5641-2711-4:CNY32.00 |
| 本书是依据太阳能光伏系统的组成和应用, 循序渐进, 由浅入深, 项目化地编写教学内容, 理论和实训实践有机结合, 使得所写内容流畅、实用且贴近企业生产实际; 教材紧紧围绕太阳能光伏技术应用能力和基本素质培养这条主线, 突出对太阳能光伏产业的基本技术和基本技能的培养, 注重职业能力和技术应用及管理能力的强化。 |
| ● |
| 相关链接 |
|
|
|
正题名:太阳能光伏发电及应用技术
索取号:TM615/11
 
预约/预借
| 序号 | 登录号 | 条形码 | 馆藏地/架位号 | 状态 | 备注 |
| 1 | 2001375165 | 2001375165 | 共建书房-化工学院/ [索取号:TM615/11] | 在馆 | |
| 2 | 2001375166 | 2001375166 | 共建书房-化工学院/ [索取号:TM615/11] | 在馆 | |
| 3 | 2001375167 | 2001375167 | 共建书房-化工学院/ [索取号:TM615/11] | 在馆 | |
| 4 | 2001375168 | 2001375168 | 共建书房-化工学院/ [索取号:TM615/11] | 在馆 | |
| 5 | 2001375169 | 2001375169 | 共建书房-化工学院/ [索取号:TM615/11] | 在馆 | |
| 6 | 2001375170 | 2001375170 | 共建书房-化工学院/ [索取号:TM615/11] | 在馆 | |
| 7 | 2001375171 | 2001375171 | 共建书房-化工学院/ [索取号:TM615/11] | 在馆 | |
| 8 | 2001375172 | 2001375172 | 共建书房-化工学院/ [索取号:TM615/11] | 在馆 | |
| 9 | 2001375173 | 2001375173 | 共建书房-化工学院/ [索取号:TM615/11] | 在馆 | |
| 10 | 2001375174 | 2001375174 | 共建书房-化工学院/ [索取号:TM615/11] | 在馆 | |
| 11 | 2001375175 | 2001375175 | 516书库/ [索取号:TM615/11] | 在馆 | |
| 12 | 2001375176 | 2001375176 | 516书库/ [索取号:TM615/11] | 在馆 | |
| 13 | 2001375177 | 2001375177 | 516书库/ [索取号:TM615/11] | 在馆 | |
| 14 | 2001375178 | 2001375178 | 516书库/ [索取号:TM615/11] | 在馆 | |
| 15 | 2001375179 | 2001375179 | 516书库/ [索取号:TM615/11] | 在馆 | |
| 16 | 2001375180 | 2001375180 | 516书库/ [索取号:TM615/11] | 在馆 | |
| 17 | 2001375181 | 2001375181 | 516书库/ [索取号:TM615/11] | 在馆 | |
| 18 | 2001375182 | 2001375182 | 516书库/ [索取号:TM615/11] | 在馆 | |
| 19 | 2001375183 | 2001375183 | 516书库/ [索取号:TM615/11] | 在馆 | |
| 20 | 2001375184 | 2001375184 | 516书库/ [索取号:TM615/11] | 在馆 | |
| 21 | 2001375185 | 2001375185 | 516书库/ [索取号:TM615/11] | 在馆 |